| 000 | 00516cam a2200205ua 4500 | ||
|---|---|---|---|
| 001 | 3963 | ||
| 005 | 20260515113748.0 | ||
| 008 | 150224n ii |||gr||||Z||||||asm | ||
| 040 | _cMAIN | ||
| 041 | _aasm | ||
| 082 | _a891.4511 | ||
| 100 | _aBhattacharjya, Nalinidhar, | ||
| 245 |
_aNani aasane gharat _cby Nalinidhar Bhattacharjya |
||
| 250 | _a1st. | ||
| 260 |
_aGuwahati: _bChetana prakash,996. |
||
| 300 |
_a79p: _c23cm. |
||
| 653 | _aAssamese poem | ||
| 653 | _aAdhunik asamiya kavita manjari | ||
| 942 | _cBK | ||
| 999 |
_c3783 _d3783 |
||